Online katalóg knižníc regiónu Turca

Veľká kniha o matke a dieťati (Record no. 22949)

MARC details
000 -LEADER
fixed length control field 01446nam a2200409 a 4500
001 - CONTROL NUMBER
control field 22949
003 - CONTROL NUMBER IDENTIFIER
control field SK-KTurca
005 - DATE AND TIME OF LATEST TRANSACTION
control field 20260513074239.0
008 - FIXED-LENGTH DATA ELEMENTS--GENERAL INFORMATION
fixed length control field 240318s2000 xo a r slo
015 ## - NATIONAL BIBLIOGRAPHY NUMBER
National bibliography number SNBA2000/11-04080
020 ## - INTERNATIONAL STANDARD BOOK NUMBER
International Standard Book Number 8080461430
035 ## - SYSTEM CONTROL NUMBER
System control number SNK000351212
035 ## - SYSTEM CONTROL NUMBER
System control number urn:nbn:sk:snk-amyhfw
035 ## - SYSTEM CONTROL NUMBER
System control number urn:nbn:sk:snk-am00cjtt
035 ## - SYSTEM CONTROL NUMBER
System control number F547A8D7-1578-40BE-B09E-289013F481F5
040 ## - CATALOGING SOURCE
Original cataloging agency SNK
Language of cataloging slo
Transcribing agency SNK
Description conventions AACR2
041 0# - LANGUAGE CODE
Language code of text/sound track or separate title slo
044 ## - COUNTRY OF PUBLISHING/PRODUCING ENTITY CODE
MARC country code xo
ISO country code SK
080 ## - UNIVERSAL DECIMAL CLASSIFICATION NUMBER
Universal Decimal Classification number 613.952+618.2-083(035)
Edition identifier 1981
080 ## - UNIVERSAL DECIMAL CLASSIFICATION NUMBER
Universal Decimal Classification number 618.2-083(035)
Edition identifier 1981
100 1# - MAIN ENTRY--PERSONAL NAME
Personal name Fenwick, Elizabeth,
Dates associated with a name 1935-
Relationship aut
240 10 - UNIFORM TITLE
Uniform title The complete Johnson & Johnson book of mother and baby care
Language of a work Slovensky
245 10 - TITLE STATEMENT
Title Veľká kniha o matke a dieťati
Statement of responsibility, etc. Elizabeth Fenwicková ; [z anglického originálu preložili Adela Böhmerová a Beata Baranová]
250 ## - EDITION STATEMENT
Edition statement 9. opr. a dopl. vyd.
260 ## - PUBLICATION, DISTRIBUTION, ETC.
Place of publication, distribution, etc. Bratislava
Name of publisher, distributor, etc. Perfekt
Date of publication, distribution, etc. 2000
300 ## - PHYSICAL DESCRIPTION
Extent 253 s.
Other physical details fareb. fotogr., ilustr.
Dimensions 29 cm
500 ## - GENERAL NOTE
General note Rozlož. fotogr. na tit. strane
500 ## - GENERAL NOTE
General note Údaj o prekl. prevzatý z rubu tit. strany
650 07 - SUBJECT ADDED ENTRY--TOPICAL TERM
Topical term or geographic name entry element tehotenstvo
General subdivision príručky
Source of heading or term SNK
650 07 - SUBJECT ADDED ENTRY--TOPICAL TERM
Topical term or geographic name entry element deti
General subdivision starostlivosť
-- príručky
Source of heading or term SNK
650 07 - SUBJECT ADDED ENTRY--TOPICAL TERM
Topical term or geographic name entry element dojčatá
General subdivision starostlivosť
-- príručky
Source of heading or term SNK
655 #7 - INDEX TERM--GENRE/FORM
Genre/form data or focus term príručky
Source of term SNK
700 1# - ADDED ENTRY--PERSONAL NAME
Personal name Böhmerová, Ada,
Dates associated with a name 1947-
Relationship trl
700 1# - ADDED ENTRY--PERSONAL NAME
Personal name Baranová, Beáta
Relationship trl
942 ## - ADDED ENTRY ELEMENTS (KOHA)
Source of classification or shelving scheme Dewey Decimal Classification
Koha item type Odborná literatúra pre dospelých
Suppress in OPAC No
Holdings
Stav vyradenia Strata Poškodenie Spôsob nadobudnutia Domovská knižnica Aktuálna knižnica Dátum nadobudnutia Total checkouts Čiarový kód exemplára Date last seen Typ exemplára
      Dar Obecná knižnica Turčianska Štiavnička Obecná knižnica Turčianska Štiavnička 13.05.2026   4738001242 13.05.2026 Odborná literatúra pre dospelých
Projekt je podporený Slovenskou asociáciou knižníc
Prevádzkuje Turčianska knižnica Martin 2026